000 00786nam a22002297a 4500
005 20170124110204.0
010 _aB-225515
020 _c00.00
_a0070611459
035 _aB-225515
037 _bCen Lib/Ret
040 _aDPL
_bEN
082 _a000
_bTHO
100 _aThorpe, Showick
_936937
245 _aHow to prepare for the hotel management entrance examination /
_cby Showick Thorpe
260 _aNew Delhi
_bTata McGraw-Hill Publishing Company
_c2007
270 _bNew Delhi
_a7 West Patel Nagar
_e110008
300 _ax,729p.
_c24cm(Hb)
490 _aTata McGraw-Hill's series
650 _aScientific aptitude-- Hotel management examination
_936938
650 _aGeneral knowledge-- Hotel mangement entrance exam
_936939
942 _2ddc
_cEN
_h000
_mTHO
999 _c133137
_d133137